Quiz des régions françaises #3: Bretagne - Statistiques

Statistiques générales
  • Ce quiz a été pris 1 737 fois
  • Le résultat moyen est 15 sur 20
Statistiques - réponses
Question Réponse % Correct
Océan bordé Océan Atlantique
99%
Ville la plus peuplée Rennes
99%
Départements de la Région Finistère
98%
Langue régionale Breton
96%
Départements de la Région Côtes-d'Armor
95%
Départements de la Région Ille-et-Vilaine
95%
Départements de la Région Morbihan
95%
Mer bordée Manche
94%
Région limitrophe Normandie
94%
Région limitrophe Pays de la Loire
94%
Port militaire le plus important de Bretagne Brest
93%
Forêt mythique des légendes arthurienne Brocéliande
81%
Principal port de la côte nord de la région Saint-Malo
81%
La ville aux rangées de menhirs Carnac
78%
Le d_____ de la Bretagne se nomme Gwenn ha Du Drapeau
69%
Plus grande île de Bretagne Belle-Île-en-Mer
64%
Ville renomée pour sa faïence depuis 1708 Quimper
49%
Langue régionale Gallo
40%
Mer bordée Mer Celtique
18%
Père de la patrie de la région historique Nominoë
8%
Aucun quiz correspondant
Distribution des résultats
% des personnes avec chaque résultat
Percentile par nombre de réponses
Votre historique - résultats
Vous n’avez pas pris ce quiz